000 00380nam a2200145Ia 4500
008 230917s9999||||xx |||||||||||||| ||und||
040 _e153562
_aMAIN
041 _aEnglish
082 _a294.12 S72R
100 _aRaj, M. Sundar
245 0 _aRgvedic studies
260 _aMadras
_bInt. Society for the Investment of Ancient Civilization
_c1983
300 _a81p p.
942 _cBK
999 _c72141
_d72141